Pháp luật về bồi thường thiệt hại tính mạng và sức khỏe trong quan hệ lao động : Luận văn Thạc sĩ Luật học chuyên ngành Luật kinh tế

Đề tài nghiên cứu lý luận chung về bồi thường thiệt hại tính mạng và sức khỏe trong quan hệ lao động, những quy định của pháp luật về bồi thường thiệt hại tính mạng và sức khỏe trong quan hệ lao động, các vướng mắc và hướng hoàn thie...

Volledige beschrijving

Bewaard in:
Bibliografische gegevens
Hoofdauteur: Lê, Hoàng Xuân Hương
Formaat: Boek
Taal:Undetermined
Gepubliceerd in: Cần Thơ Trường Đại học Cần Thơ 2014
Onderwerpen:
Tags: Voeg label toe
Geen labels, Wees de eerste die dit record labelt!
Thư viện lưu trữ: Trung tâm Học liệu Trường Đại học Cần Thơ
LEADER 01299nam a2200229Ia 4500
001 CTU_191761
008 210402s9999 xx 000 0 und d
082 |a 344.59701 
082 |b H561 
088 |a 60380107 
100 |a Lê, Hoàng Xuân Hương 
245 0 |a Pháp luật về bồi thường thiệt hại tính mạng và sức khỏe trong quan hệ lao động : 
245 0 |b Luận văn Thạc sĩ Luật học chuyên ngành Luật kinh tế 
245 0 |c Lê Hoàng Xuân Hương ; Lê Thị Thúy Hương (Hướng dẫn khoa học) 
260 |a Cần Thơ 
260 |b Trường Đại học Cần Thơ 
260 |c 2014 
520 |a Đề tài nghiên cứu lý luận chung về bồi thường thiệt hại tính mạng và sức khỏe trong quan hệ lao động, những quy định của pháp luật về bồi thường thiệt hại tính mạng và sức khỏe trong quan hệ lao động, các vướng mắc và hướng hoàn thiện. 
650 |a Luật lao động và lập pháp,Labor laws and legislation 
650 |z Việt Nam,Vietnam 
910 |a Hải 
980 |a Trung tâm Học liệu Trường Đại học Cần Thơ